Le budget / (Record no. 165796)

MARC details
000 -LEADER
campo de control de longitud fija 00607nam a22001935i 4500
001 - NÚMERO DE CONTROL
campo de control 165796
003 - IDENTIFICADOR DE NÚMERO DE CONTROL
campo de control ES-MaACL
005 - FECHA Y HORA DE LA ÚLTIMA TRANSACCIÓN
campo de control 20230906213215.0
008 - DATOS DE LONGITUD FIJA--INFORMACIÓN GENERAL
campo de control de longitud fija 010608s1891 fr |||| | fre d
040 ## - FUENTE DE CATALOGACIÓN
Centro catalogador/agencia de origen CCPB | B
Lengua de catalogación spa
Centro/agencia transcriptor CCPB | B
100 1# - ENTRADA PRINCIPAL--NOMBRE DE PERSONA
Nombre de persona Stourm, René.
9 (RLIN) 108340
245 13 - MENCIÓN DEL TÍTULO
Título Le budget /
Mención de responsabilidad, etc. par René Stourm.
260 ## - PUBLICACIÓN, DISTRIBUCIÓN, ETC.
Lugar de publicación, distribución, etc. Paris :
Nombre del editor, distribuidor, etc. Guillaumin et C\pie\s,
Fecha de publicación, distribución, etc. 1891 (
Lugar de fabricación/manufactura Poitiers) :
Fabricante Imp. Blais, Roy et Cie)
300 ## - DESCRIPCIÓN FÍSICA
Extensión XI, 623 p. ;
Dimensiones 23 cm.
490 1# - MENCIÓN DE SERIE
Mención de serie Cours de finances
830 0# - PUNTO DE ACCESO ADICIONAL DE SERIE-TÍTULO UNIFORME
Título uniforme Cours de finances
9 (RLIN) 222496
852 ## - LOCALIZACIÓN
Ubicación ES-MaACL
Número de control de estantería F-5277
Nota libre -- Enc. pasta española
Holdings
Estatus retirado Estado de pérdida Estado de daño No para préstamo Colección Biblioteca de origen Biblioteca actual Ubicación en estantería Fecha de adquisición Fuente de adquisición Total de préstamos Signatura topográfica completa Código de barras Visto por última vez Precio de reemplazo Tipo de ítem Koha
        Libros del s. XIX Biblioteca del Ateneo de Madrid Biblioteca del Ateneo de Madrid Depósito 2 17/01/2008     F-5277 1173874 23/02/2023 23/02/2023 Libro impreso antiguo